Gestión de datos de investigación /

Bibliographic Details
Main Author: Corrêa, Fabiano Couto (Author)
Other Authors: Peset Mancebo, Fernanda (contributor agent of text.)
Format: Electronic eBook
Language:Spanish
Published: Barcelona : Editorial UOC, [2016]
Edition:Primera edición digital.
Series:Colección EPI Scholar ; 6.
Subjects:
Online Access:Digitalia Hispánica

MARC

LEADER 00000nam a2200000Ii 4500
001 DIGEDIUOC874
003 NyNyDIG
006 m o d
007 cr |||||||||||
008 220316s2016 sp ob 000 0 spa d
035 |a (OCoLC)986137699 
040 |a DGITA  |b eng  |e rda  |e pn  |c DGITA 
020 |a 9788491164326  |q eBook  |q ePub 
020 |a 9788491164319  |q eBook  |q pdf 
020 |z 9788491164302 
050 1 4 |a Q180.55.E4 ebook 
082 0 4 |a 001.420285 
100 1 |a Corrêa, Fabiano Couto,  |e author. 
245 1 0 |a Gestión de datos de investigación /  |c Fabiano Couto Corrêa ; prólogo de Fernanda Peset. 
250 |a Primera edición digital. 
264 1 |a Barcelona :  |b Editorial UOC,  |c [2016] 
300 |a 1 online resource. 
336 |a text  |b txt  |2 rdacontent 
337 |a computer  |b c  |2 rdamedia 
338 |a online resource  |b cr  |2 rdacarrier 
347 |a text file  |2 rdaft 
347 |b EPUB 
490 1 |a EPI scholar 
504 |a Includes bibliographical references. 
588 0 |a Online resource; title from ePub title page (Digitalia, viewed March 16, 2022) 
650 0 |a Research  |x Data processing. 
650 0 |a Research  |x Methodology. 
655 0 |a Electronic books. 
700 1 |a Peset Mancebo, Fernanda,  |e contributor agent of text. 
791 2 |a Digitalia (Firm),  |e distributor. 
793 0 |g Digitalia eBook Collection:  |a Universitat Oberta de Catalunya 
776 0 8 |i Print version:  |a Corrêa, Fabiano Couto.  |t Gestión de datos de investigación.  |b Primera edición en lengua castellana.  |d Barcelona : Editorial UOC, [2016]  |z 9788491164302 
830 0 |a Colección EPI Scholar ;  |v 6. 
856 4 0 |3 Digitalia Hispánica  |u https://www.digitaliapublishing.com/a/47348/ 
910 |a Premium collection: 2022